000 01352nam a2200349 a 4500
001 ebr10518630
003 CaPaEBR
006 m u
007 cr cn|||||||||
008 100825s2011 enka sb 001 0 eng d
010 _z 2010036446
020 _z9781444334401 (pbk. alk. paper)
020 _z9781118293805 (e-book)
040 _aCaPaEBR
_cCaPaEBR
035 _a(OCoLC)774290312
050 1 4 _aRD31
_b.E4 2011eb
082 0 4 _a617
_222
100 1 _aEllis, Harold,
_d1926-
245 1 0 _aLecture notes.
_pGeneral surgery
_h[electronic resource] /
_cHarold Ellis, Sir Roy Calne, Christopher Watson.
246 3 _aGeneral surgery
250 _a12th ed.
260 _aChichester, West Sussex, U.K. :
_bBlackwell Pub.,
_c2011.
300 _axii, 419 p. :
_bill. (some col.)
504 _aIncludes bibliographical references and index.
533 _aElectronic reproduction.
_bPalo Alto, Calif. :
_cebrary,
_d2013.
_nAvailable via World Wide Web.
_nAccess may be limited to ebrary affiliated libraries.
650 0 _aSurgery.
655 7 _aElectronic books.
_2local
700 1 _aCalne, Roy Yorke.
700 1 _aWatson, Christopher J. E.
_q(Christopher John Edward)
710 2 _aebrary, Inc.
856 4 0 _uhttp://site.ebrary.com/lib/rucke/Doc?id=10518630
_zAn electronic book accessible through the World Wide Web; click to view
999 _c236400
_d236400